000 00776nam a2200217Ia 4500
999 _c34814
_d34814
001 625
003 GE_BSU
005 20190420191639.0
008 181216s1994||||ge |||||||||||||| ||geo||
040 _cGE_BSU
041 _ageo
080 _a316(479.22)(092) კ-43
100 _aკომახიძე, თ.
_9300
245 _aმამულიშვილი /
_cთ. კომახიძე ; რედ. ზ.ფირხალაიშვილი.
264 _aბათუმი :
_bაჭარა,
_c1994
300 _a212 გვ.
541 _h7ლ.
653 _aქართველი საზოგადო მოღვაწეები
700 _aფირხალაიშვილი, ზ.
_eრედაქტორი
_9301
942 _cBK
_2udc